[Event "Navarra-ch"]
[Site "Pamplona"]
[Date "2016.05.07"]
[Round "8"]
[White "Pedchenko Bondar, Alexandr"]
[Black "Arana Oloron, Roberto"]
[Result "1-0"]
[WhiteElo "1674"]
[BlackElo "1743"]
[PlyCount "103"]
[EventDate "2016.03.05"]
[EventType "swiss"]
[EventRounds "8"]
[EventCountry "ESP"]
[SourceTitle "EXT 2018"]
[Source "ChessBase"]
[SourceDate "2017.10.13"]
[SourceVersion "1"]
[SourceVersionDate "2017.10.13"]
[SourceQuality "1"]

1. d4 f5 2. Bf4 Nf6 3. e3 b6 4. Nf3 Bb7 5. Bd3 e6 6. h3 Nc6 7. c3 Be7 8. Nbd2 0-0 9. Qc2 d6 10. Bc4 Qd7 11. Bb3 Na5 12. Ba4 b5 13. Bb3 c5 14. a4 c4 15. Ba2 a6 16. b4 cxb3 17. Nxb3 Nc4 18. Nfd2 Nxd2 19. Qxd2 Ne4 20. Qb2 Rfc8 21. Rc1 Bc6 22. axb5 Bxb5 23. c4 Ba4 24. 0-0 g5 25. Bg3 h5 26. c5 Rab8 27. Qa1 Nxg3 28. fxg3 g4 29. Nd2 d5 30. Qc3 Bb5 31. Rf2 h4 32. gxh4 g3 33. Rf4 Qd8 34. Nf3 Bd6 35. Ne5 Bxe5 36. dxe5 Qe7 37. Qd4 Rc7 38. Rf3 Rbc8 39. Rxg3+ Kh7 40. Qd1 Qxh4 41. Qe1 Qe4 42. Qd1 Qh4 43. Qe1 Qh6 44. Qb4 Bd3 45. c6 Bb5 46. Rf3 Qg5 47. Kh2 Rxc6 48. Rxc6 Rxc6 49. Rg3 Qd8 50. Qf4 Qc7 51. Qg5 Qg7 52. Qxg7# 1-0

[Event "Navarra-ch"]
[Site "Pamplona"]
[Date "2016.03.12"]
[Round "2"]
[White "Fuertes Cirauqui, Pablo"]
[Black "Arana Oloron, Roberto"]
[Result "0-1"]
[WhiteElo "1305"]
[BlackElo "1743"]
[PlyCount "104"]
[EventDate "2016.03.05"]
[EventType "swiss"]
[EventRounds "8"]
[EventCountry "ESP"]
[SourceTitle "EXT 2018"]
[Source "ChessBase"]
[SourceDate "2017.10.13"]
[SourceVersion "1"]
[SourceVersionDate "2017.10.13"]
[SourceQuality "1"]

1. e4 e5 2. Nc3 Nf6 3. f4 d6 4. Nf3 Bg4 5. h3 Bxf3 6. Qxf3 Be7 7. Bc4 Nc6 8. Bb5 0-0 9. Bxc6 bxc6 10. 0-0 Nd7 11. d3 Rb8 12. Rb1 Bf6 13. Be3 exf4 14. Qxf4 c5 15. Na4 Be5 16. Qg4 c6 17. Bf4 Qe7 18. Bxe5 Nxe5 19. Qg3 d5 20. exd5 cxd5 21. Rbe1 f6 22. Qe3 d4 23. Qe4 Qd6 24. b3 Rbe8 25. Nb2 f5 26. Qf4 Qf6 27. Nc4 g5 28. Qf2 Ng6 29. Qf3 g4 30. hxg4 Rxe1 31. Rxe1 fxg4 32. Qxf6 Rxf6 33. Ne5 Re6 34. Nf3 Rxe1+ 35. Nxe1 Kf7 36. Kf2 Kf6 37. g3 Ne7 38. Ke2 h5 39. Kd2 Nf5 40. c3 Nxg3 41. cxd4 cxd4 42. Ng2 Kg5 43. Ke1 h4 44. Kf2 Nf5 45. Kg1 h3 46. Ne1 g3 47. a4 Kg4 48. b4 h2+ 49. Kg2 Ne3+ 50. Kh1 Kh3 51. b5 Nd1 52. a5 Nf2# 0-1

[Event "Navarra-chTA"]
[Site "Pamplona"]
[Date "2015.10.31"]
[Round "4.4"]
[White "Arana Oloron, Roberto"]
[Black "Larrea Reta, Javier"]
[Result "0-1"]
[WhiteElo "1764"]
[BlackElo "1833"]
[PlyCount "102"]
[EventDate "2015.10.10"]
[EventType "team-tourn"]
[EventRounds "7"]
[EventCountry "ESP"]
[SourceTitle "CBM 169 Extra"]
[Source "ChessBase"]
[SourceDate "2015.12.18"]
[SourceVersion "1"]
[SourceVersionDate "2015.12.18"]
[SourceQuality "1"]
[WhiteTeam "Arrano Elkartea"]
[BlackTeam "Paz de Ziganda"]
[WhiteTeamCountry "ESP"]
[BlackTeamCountry "ESP"]

1. e4 c5 2. d4 cxd4 3. c3 d5 4. exd5 Qxd5 5. Nf3 Nc6 6. Be2 e5 7. cxd4 Nxd4 8. Nc3 Nxf3+ 9. Bxf3 Qxd1+ 10. Kxd1 Rb8 11. Be3 b6 12. Rc1 Bb7 13. Bxb7 Rxb7 14. Nb5 Nf6 15. Ke2 Kd8 16. Nxa7 Bc5 17. Rhd1+ Nd7 18. Nb5 Ke7 19. Bxc5+ bxc5 20. a4 Ra8 21. b3 Ra6 22. Rd5 Rab6 23. Rcd1 f6 24. h4 Rc6 25. Rc1 Rcb6 26. g4 h6 27. Ke3 g6 28. Rcd1 Rc6 29. f4 exf4+ 30. Kxf4 Re6 31. R1d3 g5+ 32. hxg5 hxg5+ 33. Kg3 Ne5 34. Rd1 Nd7 35. Kg2 Re4 36. Kf3 Rf4+ 37. Kg3 Rb4 38. Re1+ Ne5 39. Re3 Rxg4+ 40. Kh3 Rh4+ 41. Kg2 c4 42. Nd6 Rg4+ 43. Kh3 Rh4+ 44. Kg3 Rxb3 45. Nc8+ Ke6 46. Rd6+ Kf7 47. Rxb3 cxb3 48. a5 Rb4 49. Rd1 b2 50. Rb1 Nc4 51. a6 Rb8 0-1